1492 1811 1916 1204 1020 1509 1144 1728 1411 1162 1552 1004 1123 1232 1459 1133 1097 1044 1960 1457 1912 1058 1246 1002 1699 1632 1158 1149 1874 1379 1307 1283 1457 1417 1577 1396 1841 1545 1242 1743 1713 1192 1011 1152 1724 1216 1044 1436 1827 1918 1729 1892 1769 1655 1985 1952 1772 1569 1486 1668 1252 1242 1383 1798 1532 1614 1028 1830 1944 1807 1882 1626 1903 1437 1915 1598 1989 1464 1518 1583 1977 1310 1703 1801 1624 1574 1366 1158 1394 1657 1700 1476 1095 1060 1201 1663 1840 1181 1113 BCNSPRNW ULIB Ver.6.0+V

เปลี่ยนเป็นภาษาไทย

Change to English
 แสดงรายละเอียดบรรณานุกรม
  กลับหน้าหลัก

Brief Record : Get Marc (ISO 2709) : E-mail record : QR code < ปิดหน้าต่าง
LEADER : 00000nam 2200000uu 4500
001    13399111520
003     ULIB
008    110629s||||||||th 000 0 tha d
020    9786160000005
050  4 BQ4435^bท485ป 2552
100 0  ทิพากร รินไธสงค์
245 10 เปิดบุญ ปลดกรรมทำให้รวย /^cว.วชิรเมธี
250    พิมพ์ครั้งที่ 1
260    กรุงเทพฯ :^bสถาพรบุ๊คส์,^c2552
300    166 หน้า :^bภาพประกอบ
650  7 ทำบุญ
650  7 ปลดกรรม
945    ^p120^l0^i027471
995    ทศพร
999 ^a ใช้งานได้ทุกระบบ
รายการนี้ยังไม่มีแท็ก
คุณยังไม่ได้ล็อกอิน คุณสามารถมีกิจกรรมร่วมกับเว็บไซต์ได้ แต่ต้องล็อกอินก่อน ::
  ล็อกอิน

รายการสื่อสารสนเทศ

ลำดับที่ ประเภท เลขเรียก/บาร์โค้ด สถานที่ สถานะ
- ไม่พบข้อมูล -

รายการใกล้เคียง
    หัวเรื่อง [ทำบุญ]

BibComment


ยังไม่เคยถูกคอมเมนท์

คอมเมนท์ทรัพยากรรายการนี้
  คอมเมนท์: เปิดบุญ ปลดกรรมทำ..


 Copyright 2026. Bcnsprnw @Library